CA Peñarol Squad 2025 - Estadísticas

Estadísticas generales
  • Esta prueba ha sido intentada 13 veces
  • La puntuación promedio es 24 de 32
Estadísticas de respuestas
# Position Nation Player % Correcto
80 MF Uruguay David Terans
100%
8 FW Paraguay Hector Villalba
100%
10 MF Uruguay Leonardo Fernandez
100%
27 LB Uruguay Lucas Hernandez
100%
15 LB Uruguay Maximilano Olivera
100%
34 DF Uruguay Nahuel Herrera
100%
12 GK Chile Brayan Cortes
91%
22 RB Uruguay Damian Suarez
91%
29 MF Argentina Eric Remedi
91%
5 MF Uruguay Ignacio Sosa
91%
23 DF Uruguay Javier Mendez
91%
1 GK Uruguay Kevin Morgan
91%
19 FW Uruguay Matias Arezo
91%
20 RB Uruguay Pedro Milans
91%
50 FW Uruguay Diego Garcia
82%
13 MF Uruguay Eduardo Darias
82%
21 DF Uruguay Gaston Silva
82%
24 MF Uruguay Jesus Trindade
82%
25 GK Uruguay Martin Campaña
82%
11 FW Uruguay Maximiliano Silvera
82%
6 DF Uruguay Kevin Rodriguez
73%
17 DF Uruguay Emanuel Gularte
64%
28 FW Uruguay Jaime Baez
64%
7 FW Uruguay Javier Cabrera
64%
36 MF Uruguay Tomas Olase
64%
30 FW Uruguay Stiven Muhlethaler
55%
40 FW Uruguay Brandon Alvarez
45%
14 FW Uruguay Alejo Cruz
36%
55 MF Uruguay Lorenzo Couture
36%
3 LB Uruguay Mathias de Ritis
36%
33 MF Uruguay Julio Daguer
18%
32 FW Uruguay Leandeo Umpierrrez
0%
No se encontraron pruebas coincidentes
Distribución de puntuación
Porcentaje de gente con cada puntuación
Porcentaje por número respondido
Historial de tus puntuaciones
No has intentado esta prueba.